Význam "corporate governance" v podnikaní

Definícia corporate governance podľa OECD. Prínos corporate governance pre firemnú sféru. Význam správcovstva pre národné ekonomiky. Prostredie dobrej podnikateľskej správy. Podnikanie v súlade s etickými normami.

Enregistré dans:
Détails bibliographiques
Auteur principal: Knapik, Peter
Format: Chapitre de livre
Langue:slovaque
Sujets:
Tags: Ajouter un tag
Pas de tags, Soyez le premier à ajouter un tag!

MARC

LEADER 00000naa$a2200000$$$4500
001 0024517
005 20231005083822.9
041 0 |a slo 
044 |a SK 
245 1 0 |a Význam "corporate governance" v podnikaní  |c Peter Knapik 
520 |a Definícia corporate governance podľa OECD. Prínos corporate governance pre firemnú sféru. Význam správcovstva pre národné ekonomiky. Prostredie dobrej podnikateľskej správy. Podnikanie v súlade s etickými normami. 
610 2 0 |a správa podniku 
610 2 0 |a kódexy etické 
610 2 0 |a korupcia 
610 2 0 |a podnikanie 
610 2 0 |a prostredie podnikateľské 
610 2 0 |a krajiny vyspelé 
100 1 |a Knapik, Peter